Can you figure out these NFL players names scrambled? - Statistics

General Stats
  • This quiz has been taken 99 times
  • The average score is 11 of 17
Answer Stats
Scrambled Name Position Answer % Correct
kd mclfate WR DK Metcalf
90%
uta vagtaolaio QB Tua Tagovailoa
84%
nbe otliberreerhsg QB Ben Roethlisberger
82%
kj bbidons RB J.K. Dobbins
80%
kinc bbhuc RB Nick Chubb
77%
ocoerc pupk WR Cooper Kupp
76%
adlton hulsczt TE Dalton Schultz
65%
mereyj nchin DEF Jeremy Chinn
60%
rsaonc ztwne QB Carson Wentz
59%
drfe rnarew DEF Fred Warner
59%
njtsiu betherr QB Justin Herbert
57%
yrna nlnhetila QB Ryan Tannehill
56%
likalh kmca DEF Khalil Mack
54%
vicaln yeirdl WR Calvin Ridley
48%
vanli mkaaar RB Alvin Kamara
45%
yrtnna thmieua DEF Tyrann Mathieu
35%
dbuad karba DEF Budda Baker
26%
No matching quizzes found
Score Distribution
Percent of People with Each Score
Percentile by Number Answered
Your Score History
You have not taken this quiz